000 00688nam a2200289Ia 4500
005 20260324130751.0
008 008 260324s9999 xx 000 0 eng d
020 _a9780203968307
037 _aEBOOK
040 _aCRL
040 _beng
040 _cCRL
041 _2eng
041 _aeng
084 _qCRL
100 _aTimothy McGrew; Lydia McGrew
_91183011
245 0 _aInternalism and Epistemology
245 4 _bThe Architecture of Reason
260 _bTaylor and Francis
260 _c2007
365 _a
365 _b280
856 _uhttp://www.taylorfrancis.com/books/9780203968307
942 _cEBOOK
999 _c1779487
_d1779487